1063 1789 1176 1362 1996 1206 1170 1657 1802 1585 1576 1014 1008 1103 1381 1928 1271 1102 1765 1522 2000 1760 1048 1189 1659 1038 1775 1749 1730 1494 1322 1557 1138 1040 1123 1665 1290 1293 1842 1188 1256 1736 1280 1815 1337 1121 1731 1252 1337 1773 1856 1584 1862 1485 1358 1204 1901 1647 1424 1190 1771 1421 1992 1370 1967 1790 1580 1969 1249 1144 1126 1222 1289 1207 1330 1474 1711 1602 1568 1030 1114 1357 1192 1134 1779 1048 1628 1933 1139 1630 1538 1570 2000 1950 1143 1102 1800 1951 1784 BCNSPRNW ULIB Ver.6.0+V

เปลี่ยนเป็นภาษาไทย

Change to English
 แสดงรายละเอียดบรรณานุกรม
  กลับหน้าหลัก

Brief Record : Get Marc (ISO 2709) : E-mail record : QR code < ปิดหน้าต่าง
LEADER : 00000nam 2200000uu 4500
001    13399112060
003     ULIB
008    110304s1998||||th 000 0 eng d
020    08743493
060  4 QZ4^bP363 1998
100 0  Carpenter editorDonna O
245 00 Pathophysiology made Incrediably Easy/^cCarpenter editorDonna O
260    Pennsylvnia:^bSpringhous,^c1998
300    402 p
650  7 Nursing
650  7 physiology Pathophysiology
710 1  Springhous
945    ^p0^l0^i010319
995    ทศพร
999 ^a ใช้งานได้ทุกระบบ
รายการนี้ยังไม่มีแท็ก
คุณยังไม่ได้ล็อกอิน คุณสามารถมีกิจกรรมร่วมกับเว็บไซต์ได้ แต่ต้องล็อกอินก่อน ::
  ล็อกอิน

รายการสื่อสารสนเทศ

ลำดับที่ ประเภท เลขเรียก/บาร์โค้ด สถานที่ สถานะ
- ไม่พบข้อมูล -

รายการใกล้เคียง
    หัวเรื่อง [Nursing]

BibComment


ยังไม่เคยถูกคอมเมนท์

คอมเมนท์ทรัพยากรรายการนี้
  คอมเมนท์: Pathophysiology m..


 Copyright 2026. Bcnsprnw @Library